Name the Google Apps on the App Store - Statistics

General Stats
  • This quiz has been taken 35 times
  • The average score is 17 of 63
Answer Stats
Answer % Correct
Google
81%
Google Maps
74%
Google Chrome
70%
Google Play Books & Audiobooks
70%
YouTube: Watch, Listen, Stream
63%
Gmail - Email by Google
56%
Google Drive
56%
Google Photos: Backup & Edit
56%
Google Earth
52%
Google TV: Watch Movies & TV
48%
YouTube TV
48%
Google One
44%
Google Calendar: Get Organized
41%
Google Docs: Sync, Edit, Share
41%
Google Meet
37%
Google Meet (original)
37%
Google Ads
33%
Google Sheets
33%
Google Slides
33%
Google Translate
33%
Local Services ads by Google
33%
YouTube Music
33%
Google Assistant
30%
Google Classroom
30%
Google Authenticator
26%
Google Chat
26%
YouTube Studio
26%
Google Fit: Activity Tracker
22%
Google Keep - Notes and lists
22%
Google Pay: Save and Pay
22%
Google Smart Lock
22%
YouTube Kids
22%
Gboard - the Google Keyboard
19%
Google Cloud
19%
Google Cloud Search
19%
Google Family Link
19%
Google Home
19%
Google News
19%
Google Tasks: Get Things Done
19%
PhotoScan by Google Photos
19%
Google Analytics
15%
Google Opinion Rewards
15%
Google Podcasts
15%
Google Voice
15%
Snapseed
15%
Google Arts & Culture
11%
Google Cardboard
11%
Google Fi Wireless
11%
Google Remote Desktop
11%
Jamboard
11%
Wear OS by Google
11%
Fitbit: Health & Fitness
7%
Google Admin
7%
IMA Video Suite Inspector
7%
Looker Mobile
7%
Looker Studio
7%
Socratic by Google
7%
Switch To Android
7%
Creative Preview
4%
Google Device Policy
4%
Google Fiber
4%
Project Baseline
4%
Screenwise Meter
4%
No matching quizzes found
Score Distribution
Percent of People with Each Score
Percentile by Number Answered
Your Score History
You have not taken this quiz